North Eastern Properties Ltd v Damien Coleman; Patrick Quinn (Record no. 113086)
[ view plain ]
| 000 -LEADER | |
|---|---|
| fixed length control field | 01641cad a22002415a 4500 |
| 001 - CONTROL NUMBER | |
| control field | L154652 |
| 008 - FIXED-LENGTH DATA ELEMENTS--GENERAL INFORMATION | |
| fixed length control field | 120110e20100319xxk f 000 0 eng d |
| 035 ## - SYSTEM CONTROL NUMBER | |
| System control number | (Sirsi) u154652 |
| 041 0# - LANGUAGE CODE | |
| Language code of text/sound track or separate title | eng |
| 245 00 - TITLE STATEMENT | |
| Title | North Eastern Properties Ltd v Damien Coleman; Patrick Quinn |
| Medium | [electronic resource] |
| 260 ## - PUBLICATION, DISTRIBUTION, ETC. | |
| Date of publication, distribution, etc. | 2010 |
| 520 ## - SUMMARY, ETC. | |
| Summary, etc. | [2010] EWCA Civ 277, 19 March 2010. Appellant purchasers C and Q appealed against an order ([2009] EWHC 2174 (Ch)) for specific performance of contracts for the sale of land. They had negotiated a 10% discount on the purchase price but C instructed that only 8% to be shown on the contracts, the remaining 2% being invoiced as a finder's fee and being the subject of a separate agreement. C and Q refused to complete after respondent N had served delayed notices of completion and resisted N's subsequent application for specific performance.The court found for N who contended that the finder's fee was not a term of any of the contracts. Held: appeal dismissed. The judge was correct in concluding that the finder's fee did not form part of any of the contracts. |
| 590 ## - LOCAL NOTE (RLIN) | |
| Local note | KA |
| 650 24 - SUBJECT ADDED ENTRY--TOPICAL TERM | |
| Topical term or geographic name entry element | NORTH EASTERN PROPERTIES LTD V DAMIEN COLEMAN AND ANOR |
| 650 24 - SUBJECT ADDED ENTRY--TOPICAL TERM | |
| Topical term or geographic name entry element | GROSSMAN V HOOPER |
| 650 24 - SUBJECT ADDED ENTRY--TOPICAL TERM | |
| Topical term or geographic name entry element | LAW OF PROPERTY ACT 1925 S40 |
| 650 24 - SUBJECT ADDED ENTRY--TOPICAL TERM | |
| Topical term or geographic name entry element | LAW OF PROPERTY (MISCELLANEOUS PROVISIONS) ACT 1989 S2 |
| 650 24 - SUBJECT ADDED ENTRY--TOPICAL TERM | |
| Topical term or geographic name entry element | LAW OF PROPERTY (MISCELLANEOUS PROVISIONS) ACT 1989 S2(1) |
| 651 #4 - SUBJECT ADDED ENTRY--GEOGRAPHIC NAME | |
| Geographic name | England and Wales |
| Chronological subdivision | 1543- |
| 690 ## - LOCAL SUBJECT ADDED ENTRY--TOPICAL TERM (OCLC, RLIN) | |
| Topical term or geographic name as entry element | PROPERTY-PROPERTY ACQUISITION AND DISPOSAL |
| 856 40 - ELECTRONIC LOCATION AND ACCESS | |
| Uniform Resource Identifier | <a href="https://www.bailii.org/ew/cases/EWCA/Civ/2010/277.html">https://www.bailii.org/ew/cases/EWCA/Civ/2010/277.html</a> |
| Public note | View the law report free of charge at www.bailii.org |
| 942 ## - ADDED ENTRY ELEMENTS (KOHA) | |
| Suppress in OPAC | 0 |
| Withdrawn status | Lost status | Source of classification or shelving scheme | Damaged status | Not for loan | Home library | Current library | Shelving location | Date acquired | Total Checkouts | Full call number | Barcode | Date last seen | Copy number | Price effective from | Koha item type |
|---|---|---|---|---|---|---|---|---|---|---|---|---|---|---|---|
| Dewey Decimal Classification | Virtual | Virtual | Online | 10/01/2012 | ONLINE PUBLICATION | 154652-2001 | 06/08/2019 | 1 | 06/08/2019 | Law report |